Speed Rainbow Quiz Stats

 Plays Quiz Updated Jun 22, 2013

Challenge
Share
Tweet
Embed
Score 0/36 Timer 04:00
0 Plays Today
Hint Answer % Correct
Permanent residence ID cardGreen card
86.9%
Business telephone directoryYellow Pages
82.8%
Medal given for injury in combatPurple Heart
82.5%
Home of the PackersGreen Bay
81.4%
Home of Old FaithfulYellowstone
78.9%
Mosquito-transmitted diseaseYellow fever
78.7%
Dorothy's main thoroughfareYellow Brick Road
77.6%
Prince song or moviePurple Rain
75.1%
World War I flying ace or Snoopy nemesisRed Baron
73.5%
Largest animal on EarthBlue whale
72.8%
Animated Beatles filmYellow Submarine
70.7%
Tallest tree on earthRedwood
65.3%
Herbicidal warfare chemicalAgent Orange
64.4%
Superhero with powerful ringGreen Lantern
63.7%
Rare lunar event or Belgian-style beerBlue Moon
63%
Predatory stinging insectYellowjacket
62.5%
Cornell mascot or cinnamon gumBig Red
58.1%
General Mills vegetable mascotJolly Green Giant
56.9%
Hint Answer % Correct
Frequent Spiderman nemesisGreen Goblin
54.3%
Jimi Hendrix hitPurple Haze
51.8%
Small North American birdBlue Jay
51.4%
Kubrick science fiction filmA Clockwork Orange
48.5%
Fairy tale protagonistRed Riding Hood
41.8%
Neighborhood of questionable characterRed light district
38.6%
Harold's writing utensilPurple crayon
38.3%
Nursery rhyme buglerLittle Boy Blue
37.4%
Alice Walker novelThe Color Purple
35.7%
Smoothie shop chainOrange Julius
33.5%
Kel's favorite drinkOrange soda
32.4%
Pioneer heavy metal bandDeep Purple
30.9%
Long-running Miami football gameOrange Bowl
30.6%
Cartoon on Nick JuniorBlue's Clues
29.4%
'Let's Stay Together' singerAl Green
29.3%
Jack Black comedy or its settingOrange County
18.9%
Brian Jacques fiction seriesRedwall
15%
Electric Light Orchestra hitMr. Blue Sky
14.9%

You're not logged in!

Compare scores with friends on all Sporcle quizzes.
Join for Free
OR
Log In

You Might Also Like...

Show Comments

Extras

Top Quizzes Today


Score Distribution

Your Account Isn't Verified!

In order to create a playlist on Sporcle, you need to verify the email address you used during registration. Go to your Sporcle Settings to finish the process.

Report this User

Report this user for behavior that violates our Community Guidelines.

Details: